Prc̀tica de Auditora̕ Automatizada

Detalles Bibliográficos
Autor principal: Carpy Morales, Carlos A.
Formato: eBook
Lenguaje:español
Publicado: Mx̌ico D.F. : Instituto Mexicano de Contadores Pb︢licos, 2011
Materias:
Acceso en línea:http://vlex.com/source/practica-auditoria-automatizada-7076

MARC

LEADER 00000nam a22000007a 4500
005 20130222145318.0
007 cr|||| ||||
008 130222e2011 mx |||||s|||| 00||0 spa d
020 |a 978-607-7620-64-8 
035 |a 7076 
040 |a vLex 
090 |c 3737  |d 3737 
100 1 0 |a Carpy Morales, Carlos A.  
245 1 0 |a Prc̀tica de Auditora̕ Automatizada   |h [Recurso electrn̤ico] 
256 |a Servicio en ln̕ea 
260 |a Mx̌ico D.F. :  |b Instituto Mexicano de Contadores Pb︢licos,   |c 2011 
300 |a 1 Recurso electrn̤ico 
650 0 4 |a Auditora̕s financieras 
650 0 4 |a Empresa 
740 |a vLex Libros (Servicio en ln̕ea) 
856 4 0 |a Acceso restringido  |u http://vlex.com/source/practica-auditoria-automatizada-7076 
942 |c BOOK 
999 0 |a Finance